Historia y Ciencias Sociales 1º Medio: texto para el profesor
I tiakina i:
| Ngā kaituhi matua: | , , |
|---|---|
| Hōputu: | Pukapuka |
| Reo: | Pāniora |
| I whakaputaina: |
Santiago
Mare Nostrum
2002
|
| Ngā marau: | |
| Ngā Tūtohu: |
Tāpirihia he Tūtohu
Kāore He Tūtohu, Me noho koe te mea tuatahi ki te tūtohu i tēnei pūkete!
|
MARC
| LEADER | 00000nam a2200000 a 4500 | ||
|---|---|---|---|
| 001 | UCI7866 | ||
| 003 | CL-VaPUC | ||
| 008 | 080725e20020000CL |||||||||||||||||spa|d | ||
| 020 | |a 849550944X | ||
| 082 | 0 | 4 | |a 900.712 |b MIL |2 21 |
| 100 | |a Milos Hurtado, Pedro |e autor |9 588895 | ||
| 700 | 0 | |a Pakma Alvarado, Daniel |e author |9 531239 | |
| 700 | |a Giadrosic Reyes, Georgina |e author |9 593448 | ||
| 245 | 1 | 0 | |a Historia y Ciencias Sociales 1º Medio: texto para el profesor |
| 300 | |a 342+460 p | ||
| 942 | |c BK | ||
| 945 | |d 20080725 00:00:00 |a jtorresc | ||
| 260 | |a Santiago |b Mare Nostrum |c 2002 | ||
| 650 | 0 | |a Enseñanza de la historia |9 307330 | |
| 650 | 0 | |a Enseñanza de la geografía |9 310005 | |
| 650 | 0 | |a Métodos de aprendizaje |9 334464 | |
| 650 | 0 | |a Libros de texto |9 270019 | |
| 583 | |a last modification |c 20171207 01:05:34 |k Rodrigo Vera | ||
| 999 | |c 330994 |d 330992 | ||
| 952 | |0 0 |1 0 |4 0 |6 900_712000000000000_MIL_2002 |7 0 |8 A |9 417060 |a BIBHIS |b BIBHIS |d 2019-11-22 |i 4465911 |o 900.712 MIL 2002 |p 4465911 |r 2025-01-20 |w 2019-11-22 |y BK |k HIS | ||
| 952 | |0 0 |1 0 |4 0 |6 900_712000000000000_MIL_2002 |7 0 |8 A |9 417061 |a BIBHIS |b BIBHIS |d 2019-11-22 |i 4467337 |o 900.712 MIL 2002 |p 4467337 |r 2025-01-20 |w 2019-11-22 |y BK |k HIS | ||
| 952 | |0 0 |1 0 |4 0 |6 900_712000000000000_MIL_2002 |7 0 |8 A |9 417062 |a BIBHIS |b BIBHIS |d 2019-11-22 |i 4467345 |o 900.712 MIL 2002 |p 4467345 |r 2025-01-20 |w 2019-11-22 |y BK |k HIS | ||